Central Library OPAC University of Rajshahi

Geography and geographers : (Record no. 54886)

MARC details
000 -LEADER
fixed length control field 00892nam a2200265 a 4500
001 - CONTROL NUMBER
control field 54886
003 - CONTROL NUMBER IDENTIFIER
rucl marc code BD-RjUL
005 - DATE AND TIME OF LATEST TRANSACTION
control field 20211209080200.0
008 - FIXED-LENGTH DATA ELEMENTS--GENERAL INFORMATION
fixed length control field 161112s2000 enka b 001 0 eng
020 ## - INTERNATIONAL STANDARD BOOK NUMBER
International Standard Book Number 0340652632
International Standard Book Number 0470236523 (Wiley)
035 ## - SYSTEM CONTROL NUMBER
System control number (BD-RjUL)55008
040 ## - CATALOGING SOURCE
Original cataloging agency DLC
Transcribing agency DLC
Modifying agency BD-RjUL
Language of cataloging eng
041 ## - LANGUAGE CODE
Language code of text/sound track or separate title eng
082 00 - DEWEY DECIMAL CLASSIFICATION NUMBER
Classification number 304.20973
Edition number 23
Author mark and year JOG 2000
100 1# - MAIN ENTRY--PERSONAL NAME
Personal name Johnston, R. J.
Fuller form of name (Ronald John)
9 (RLIN) 163611
245 10 - TITLE STATEMENT
Title Geography and geographers :
Remainder of title Anglo-American human geography since 1945 /
Statement of responsibility, etc. R.J. Johnston.
250 ## - EDITION STATEMENT
Edition statement 5th ed.
260 ## - PUBLICATION, DISTRIBUTION, ETC. (IMPRINT)
Place of publication, distribution, etc. London :
Name of publisher, distributor, etc. Oxford University Press,
Date of publication, distribution, etc. c1997 [Reprint 2000] .
300 ## - PHYSICAL DESCRIPTION
Pagination xx, 475 p. :
Illustrations ill. ;
Size 24 cm.
504 ## - BIBLIOGRAPHY, ETC. NOTE
Bibliography, etc Includes bibliographical references and indexes.
650 #0 - SUBJECT ADDED ENTRY--TOPICAL TERM
Topical term or geographic name as entry element Human geography
Geographic subdivision United States
General subdivision History.
9 (RLIN) 163612
Topical term or geographic name as entry element Human geography
Geographic subdivision Great Britain
General subdivision History.
9 (RLIN) 163613
942 ## - ADDED ENTRY ELEMENTS (KOHA)
Source of classification or shelving scheme Dewey Decimal Classification
Koha item type Books
Holdings
Lost status Source of classification or shelving scheme Damaged status Not for loan Collection code Permanent Location Current Location Shelving location Date acquired Source of acquisition Cost, normal purchase price Total Checkouts Full call number Date last seen Copy number Koha item type
  Dewey Decimal Classification     Non-fiction Central Library, University of Rajshahi Central Library, University of Rajshahi   18/10/2010 Dhaka,Paragon Enterprise Lit., 595.00   304.20973 JOG 2000 12/11/2016 C-2 Books
  Dewey Decimal Classification   Not For Loan Non-fiction Central Library, University of Rajshahi Central Library, University of Rajshahi Reading Room 18/10/2010 Dhaka paragon enterprises ltd. 1595.00   304.20973 JOG 2000 26/02/2017 C-1 Books